| 000 | 00850nam a2200217Ia 4500 | ||
|---|---|---|---|
| 001 | 17483 | ||
| 003 | GE_BSU | ||
| 008 | 181216s||||||||xx |||||||||||||| ||und|| | ||
| 040 | _cGE_BSU | ||
| 080 | _a621.01(035.5) | ||
| 100 | _aАгамиров,В.Л. Амельянчик,А.В. Бидерман и др. | ||
| 245 | _aСправочник машиностроителя. В шести томах. Том III. | ||
| 245 | _cРед. совет: Н.С.Ачеркан, М.П.вукалович, В.Н.Кудрявцев и др. Под ред. С.В.Серенсена; Ред. Трапезин. | ||
| 250 | _aИзд. третье, исправ. и дополн. | ||
| 260 | _aМ. | ||
| 260 | _bМашгиз. | ||
| 260 | _c1962. | ||
| 300 | _a652 стр. 23 см. | ||
| 653 | _aСправочник машиностроителя. | ||
| 942 | _cBK | ||
| 999 |
_c50534 _d50534 |
||